[Event "World Championship (rapid) 2015"]
[Site "Berlin GER"]
[Date "2015.10.12"]
[Round "15"]
[White "Kovalenko, Igor"]
[Black "Riazantsev, Alexander"]
[Result "1-0"]
[WhiteElo "2700"]
[BlackElo "2646"]
[PlyCount "125"]
[EventDate "2015.10.10"]

1. c4 e6 2. d4 Nf6 3. Nf3 b6 4. e3 d5 5. cxd5 exd5 6. Bd3 Bd6 7. O-O O-O 8. b3
Nbd7 9. Ba3 c5 10. Nc3 Bb7 11. Rc1 a6 12. Bb2 Re8 13. Ne2 Ne4 14. Ng3 Nxg3 15.
hxg3 Qe7 16. Rc2 Nf6 17. a4 Rac8 18. Qe2 a5 19. Bf5 Ra8 20. Rfc1 Ne4 21. Bxe4
dxe4 22. Nd2 Ba6 23. Nc4 cxd4 24. Bxd4 Bc5 25. Bb2 Qe6 26. Qh5 Bxc4 27. Rxc4
Rad8 28. Qg5 f6 29. Qh5 Rd5 30. Qe2 Red8 31. Bc3 Ba3 32. Rf1 Bc5 33. Qc2 Rd3
34. Re1 h6 35. Bxa5 Bxe3 36. Rxe3 Rxe3 37. fxe3 bxa5 38. Rxe4 Qb6 39. Qc4+ Kh8
40. Re6 Qb8 41. Kh2 Rc8 42. Qd5 Qb4 43. e4 Rb8 44. e5 fxe5 45. Qxe5 Kh7 46.
Qf5+ Kh8 47. Qd5 Rf8 48. Qe5 Kh7 49. Re7 Qg4 50. Ra7 Rd8 51. Rxa5 Rd3 52. Rb5
Qd1 53. Qf5+ Kh8 54. Rb8+ Rd8 55. Rxd8+ Qxd8 56. a5 Qd6 57. Qc8+ Kh7 58. a6 Qg6
59. b4 Qh5+ 60. Qh3 Qd5 61. Qg4 Qb5 62. a7 Qd5 63. b5 1-0

[Event "World Championship (rapid) 2015"]
[Site "Berlin GER"]
[Date "2015.10.12"]
[Round "15"]
[White "Wojtaszek, Radoslaw"]
[Black "Malakhov, Vladimir"]
[Result "1/2-1/2"]
[WhiteElo "2734"]
[BlackElo "2694"]
[PlyCount "166"]
[EventDate "2015.10.10"]

1. d4 d5 2. c4 c6 3. Nf3 Nf6 4. Nc3 a6 5. a4 e6 6. Bg5 a5 7. e3 Be7 8. Rc1 Na6
9. Bd3 Nb4 10. Bb1 dxc4 11. Ne5 b6 12. Qf3 Bb7 13. O-O O-O 14. Rfd1 h6 15. Bxf6
Bxf6 16. Qe4 g6 17. Nxg6 Re8 18. Ne5 Bg7 19. Qh7+ Kf8 20. Ne4 Nd5 21. Nxc4 Qe7
22. Ned6 Red8 23. Nxb7 Qxb7 24. Qe4 b5 25. axb5 cxb5 26. Ne5 Rac8 27. Nd3 Rxc1
28. Rxc1 Rc8 29. Nc5 Qc6 30. g3 Qe8 31. Bd3 Rc7 32. Qf3 Kg8 33. Qe2 b4 34. Ra1
Ra7 35. Bb5 Qe7 36. Bc6 Nc7 37. Nb3 e5 38. d5 a4 39. Bxa4 Nxd5 40. Qb5 Nf6 41.
Rc1 Qb7 42. Qxb7 Rxb7 43. Rc8+ Bf8 44. Nc5 Ra7 45. b3 Kg7 46. Nd3 Nd5 47. Bb5
e4 48. Nf4 Nxf4 49. gxf4 Be7 50. Bc4 Bh4 51. Re8 Ra2 52. Rxe4 Bxf2+ 53. Kf1 Bh4
54. Be2 Rc2 55. Rxb4 Rc3 56. e4 Be7 57. Rb7 Kf8 58. Kg2 f6 59. Bc4 Re3 60. Bd5
h5 61. Rb8+ Kg7 62. Rb7 Kf8 63. b4 h4 64. b5 h3+ 65. Kf2 Bc5 66. Rc7 Bd4 67.
Rc4 Rxe4+ 68. Kf3 Re3+ 69. Kg4 Rd3 70. Be4 Rd2 71. Kxh3 Bg1 72. Rc2 Rd4 73. b6
Rxe4 74. b7 Ba7 75. Rc8+ Re8 76. Kg4 Bb8 77. h4 Kf7 78. h5 Rg8+ 79. Kf5 Kg7 80.
Rc6 Kh7 81. Rc8 Bd6 82. Kxf6 Bxf4 83. Kf5 Bh2 1/2-1/2

[Event "World Championship (rapid) 2015"]
[Site "Berlin GER"]
[Date "2015.10.12"]
[Round "15"]
[White "Kasimdzhanov, Rustam"]
[Black "Guseinov, Gadir"]
[Result "1/2-1/2"]
[WhiteElo "2704"]
[BlackElo "2634"]
[PlyCount "29"]
[EventDate "2015.10.10"]

1. e4 c5 2. Nf3 Nc6 3. Bb5 g6 4. Bxc6 bxc6 5. O-O Bg7 6. Re1 Nh6 7. c3 O-O 8.
d4 cxd4 9. cxd4 d5 10. e5 f6 11. exf6 exf6 12. Nc3 Bf5 13. Nd2 Qd6 14. Nf1 Rfe8
15. h3 1/2-1/2

[Event "World Championship (rapid) 2015"]
[Site "Berlin GER"]
[Date "2015.10.12"]
[Round "15"]
[White "Zhigalko, Sergei"]
[Black "Khismatullin, Denis"]
[Result "1/2-1/2"]
[WhiteElo "2656"]
[BlackElo "2651"]
[PlyCount "41"]
[EventDate "2015.10.10"]

1. e4 c5 2. Nf3 d6 3. d4 cxd4 4. Qxd4 Nc6 5. Bb5 a6 6. Bxc6+ bxc6 7. c4 e5 8.
Qd3 Nf6 9. Nc3 Be7 10. Bg5 h6 11. Bxf6 Bxf6 12. O-O-O O-O 13. Qxd6 Qb6 14. Nd5
Qa5 15. Qb4 Qxa2 16. Nc3 c5 17. Nxa2 cxb4 18. Nxb4 a5 19. Nd5 Ba6 20. Nc7 Rac8
21. Nxa6 1/2-1/2

[Event "World Championship (rapid) 2015"]
[Site "Berlin GER"]
[Date "2015.10.12"]
[Round "15"]
[White "Gelfand, Boris"]
[Black "Adhiban, Baskaran"]
[Result "1/2-1/2"]
[WhiteElo "2741"]
[BlackElo "2674"]
[PlyCount "69"]
[EventDate "2015.10.10"]

1. d4 Nf6 2. Nf3 g6 3. Bg5 Bg7 4. Nbd2 O-O 5. c3 d6 6. e3 h6 7. Bh4 Qe8 8. Be2
e5 9. dxe5 dxe5 10. e4 Nh5 11. O-O Nf4 12. Bc4 Nd7 13. Re1 Nc5 14. Qc2 a5 15.
Bf1 Be6 16. Nc4 f6 17. Bg3 Qf7 18. Bxf4 Bxc4 19. Be3 Na6 20. Bxc4 Qxc4 21. Qb3
Qxb3 22. axb3 b6 23. Nd2 Rfd8 24. Nc4 Bf8 25. Kf1 Nc5 26. Bxc5 Bxc5 27. Red1
Kf7 28. Ke2 Ke6 29. f3 h5 30. Ne3 Bxe3 31. Kxe3 h4 32. Ke2 Ke7 33. Ke3 Ke6 34.
Ke2 Ke7 35. Rh1 1/2-1/2

[Event "World Championship (rapid) 2015"]
[Site "Berlin GER"]
[Date "2015.10.12"]
[Round "15"]
[White "Tomashevsky, Evgeny"]
[Black "Korobov, Anton"]
[Result "0-1"]
[WhiteElo "2758"]
[BlackElo "2700"]
[PlyCount "134"]
[EventDate "2015.10.10"]

1. Nf3 Nf6 2. c4 e6 3. g3 b6 4. Bg2 Bb7 5. d4 Be7 6. O-O O-O 7. Nc3 Ne4 8. Bd2
d5 9. cxd5 exd5 10. Bf4 Nd7 11. Qb3 Ndf6 12. Rfd1 Re8 13. Rac1 c5 14. Ne5 c4
15. Qc2 Rc8 16. Bh3 Nxc3 17. bxc3 Rc7 18. Rb1 Bc8 19. Bg2 g6 20. Qa4 Bd6 21.
Bg5 Bxe5 22. dxe5 Rxe5 23. Bf4 Rxe2 24. Bf3 Ree7 25. Bxc7 Rxc7 26. Rd4 Be6 27.
Rbd1 Qe7 28. h4 h5 29. Qc2 b5 30. Re1 Qd6 31. a4 a6 32. axb5 axb5 33. Qb2 Qc5
34. Qd2 Kg7 35. Qf4 Ra7 36. Rd2 b4 37. cxb4 Qxb4 38. Qd4 Ra5 39. Re3 Qc5 40.
Qc3 Rb5 41. Qe5 Qb6 42. Kg2 Qb8 43. Qd4 Qb6 44. Qe5 Qd8 45. Rd4 Qb8 46. Qg5 Nh7
47. Qe7 Rb7 48. Qa3 Nf6 49. Rf4 Bf5 50. Qc3 Rb3 51. Qd4 Rxe3 52. Qxe3 Qb2 53.
Qc5 Ne4 54. Qa7 Qd2 55. Bxe4 dxe4 56. Qc5 c3 57. Qe5+ Kh7 58. Qc7 Kg7 59. Qe5+
Kf8 60. Qb8+ Ke7 61. Qb7+ Kf6 62. Qxe4 c2 63. Qc6+ Kg7 64. Rc4 Qe2 65. Qc5 Be4+
66. Kh2 Qf3 67. Qe5+ Kh7 0-1

[Event "World Championship (rapid) 2015"]
[Site "Berlin GER"]
[Date "2015.10.12"]
[Round "15"]
[White "Motylev, Alexander"]
[Black "Navara, David"]
[Result "0-1"]
[WhiteElo "2649"]
[BlackElo "2734"]
[PlyCount "138"]
[EventDate "2015.10.10"]

1. e4 c6 2. d4 d5 3. e5 Bf5 4. Nf3 e6 5. Be2 Nd7 6. O-O Bg6 7. Nbd2 Nh6 8. Nb3
Nf5 9. Bd2 Be7 10. g4 Nh6 11. Ne1 O-O 12. Ng2 c5 13. c3 c4 14. Nc1 f6 15. exf6
Bxf6 16. f4 Qb6 17. a4 Be7 18. b3 cxb3 19. Nxb3 Be4 20. Be3 Rac8 21. a5 Qc7 22.
Nd2 Bxg2 23. Kxg2 Qxc3 24. Bg1 Bd6 25. Bb5 Nb8 26. Qe2 Bxf4 27. Ra2 Bxd2 28.
Rxf8+ Rxf8 29. Rxd2 Qxa5 30. Qxe6+ Kh8 31. Rb2 Qd8 32. Rf2 Rxf2+ 33. Bxf2 Nc6
34. h3 Ne7 35. Bh4 Ng6 36. Qxg6 Qxh4 37. Qe8+ Ng8 38. Bd7 Qe7 39. Qc8 Qe2+ 40.
Kg3 Qc4 41. Qe8 Qd3+ 42. Kh2 Qc2+ 43. Kg3 Qg6 44. Qc8 Qd3+ 45. Kh2 Qe2+ 46. Kh1
Qc4 47. Qe8 Qf1+ 48. Kh2 Qf4+ 49. Kg1 Qxd4+ 50. Kf1 Qf4+ 51. Kg1 Qg3+ 52. Kf1
Qf3+ 53. Kg1 Qg3+ 54. Kf1 Qxh3+ 55. Ke2 Qg2+ 56. Kd1 Qf3+ 57. Kd2 Qf4+ 58. Kd1
Qd4+ 59. Kc1 Qc5+ 60. Kb1 Qe7 61. Qc8 Qb4+ 62. Ka1 Qa3+ 63. Kb1 Qb3+ 64. Ka1 d4
65. Qe8 Qa3+ 66. Kb1 Qe7 67. Qc8 Qb4+ 68. Ka2 Qd2+ 69. Kb1 d3 0-1

[Event "World Championship (rapid) 2015"]
[Site "Berlin GER"]
[Date "2015.10.12"]
[Round "15"]
[White "Aronian, Levon"]
[Black "Vidit, Santosh Gujrathi"]
[Result "1/2-1/2"]
[WhiteElo "2784"]
[BlackElo "2651"]
[PlyCount "121"]
[EventDate "2015.10.10"]

1. e4 e6 2. d4 d5 3. Nc3 Nf6 4. Bg5 dxe4 5. Nxe4 Be7 6. Bxf6 gxf6 7. Nf3 f5 8.
Nc3 a6 9. Qe2 b5 10. O-O-O b4 11. Na4 Qd5 12. c4 Qa5 13. Qe5 Qxe5 14. Nxe5 Bd7
15. Nxd7 Nxd7 16. g3 O-O-O 17. c5 Kb7 18. Bg2+ c6 19. Rhe1 Bf6 20. Re3 a5 21.
Kc2 Kc7 22. b3 h5 23. h4 Rdg8 24. Bf3 f4 25. gxf4 Bxh4 26. Re2 Bf6 27. Nb2 h4
28. Nc4 h3 29. f5 exf5 30. d5 Nxc5 31. d6+ Kd7 32. Ne5+ Bxe5 33. Rxe5 Ne6 34.
Rxf5 f6 35. Rxa5 Ra8 36. Rxa8 Rxa8 37. Bg4 h2 38. Re1 Re8 39. Kd3 Kxd6 40. Bxe6
Rh8 41. Rh1 Kxe6 42. Ke4 f5+ 43. Kf3 Kf6 44. Kg2 Ra8 45. Rxh2 Rxa2 46. Rh6+ Kg5
47. Rxc6 Rb2 48. Kg3 Rxb3+ 49. f3 Rc3 50. Rb6 f4+ 51. Kg2 b3 52. Rb4 Kf5 53.
Rb5+ Ke6 54. Kh3 Rxf3+ 55. Kg4 Rc3 56. Kxf4 Kd6 57. Ke4 Kc6 58. Kd4 Kxb5 59.
Kxc3 Ka4 60. Kb2 Kb4 61. Kb1 1/2-1/2

[Event "World Championship (rapid) 2015"]
[Site "Berlin GER"]
[Date "2015.10.12"]
[Round "15"]
[White "Mamedov, Rauf"]
[Black "Grischuk, Alexander"]
[Result "0-1"]
[WhiteElo "2657"]
[BlackElo "2774"]
[PlyCount "46"]
[EventDate "2015.10.10"]

1. e4 c5 2. Nf3 d6 3. Bb5+ Nd7 4. O-O a6 5. Bd3 Ngf6 6. Re1 b5 7. c4 g5 8. cxb5
g4 9. e5 dxe5 10. Ng5 Bg7 11. Nc3 O-O 12. bxa6 e6 13. Nge4 Nxe4 14. Bxe4 Rxa6
15. Qe2 f5 16. Bd3 Rd6 17. Bc4 e4 18. d3 Ne5 19. dxe4 f4 20. Qf1 Qh4 21. Bxf4
Rxf4 22. Rad1 Rxd1 23. Rxd1 Rf8 0-1

[Event "World Championship (rapid) 2015"]
[Site "Berlin GER"]
[Date "2015.10.12"]
[Round "15"]
[White "Rublevsky, Sergei"]
[Black "Bartel, Mateusz"]
[Result "1-0"]
[WhiteElo "2702"]
[BlackElo "2622"]
[PlyCount "75"]
[EventDate "2015.10.10"]

1. e4 e5 2. Bc4 Nf6 3. d3 Nc6 4. Nc3 Na5 5. Qf3 Nxc4 6. dxc4 d6 7. Nge2 Be6 8.
b3 Nd7 9. O-O g6 10. a4 Bg7 11. a5 a6 12. Ba3 O-O 13. Rad1 Qb8 14. Nd5 Kh8 15.
Qe3 Bxd5 16. Rxd5 Nf6 17. Rdd1 Ng4 18. Qd2 f5 19. exf5 gxf5 20. c5 dxc5 21.
Bxc5 Rf7 22. Qd5 Qe8 23. Qxb7 c6 24. Qb6 Nf6 25. Qb4 f4 26. Rfe1 f3 27. gxf3
Qe6 28. Ng3 Nd5 29. Qg4 Qh6 30. c4 Nf4 31. Rd6 Bf6 32. Nf5 Qg6 33. Qxg6 hxg6
34. Nh6 Rh7 35. Rxf6 Rxh6 36. Rxe5 Nd3 37. Rg5 Re8 38. Be3 1-0

[Event "World Championship (rapid) 2015"]
[Site "Berlin GER"]
[Date "2015.10.12"]
[Round "15"]
[White "Dubov, Daniil"]
[Black "Svidler, Peter"]
[Result "0-1"]
[WhiteElo "2661"]
[BlackElo "2727"]
[PlyCount "82"]
[EventDate "2015.10.10"]

1. Nf3 g6 2. e4 c5 3. c3 d5 4. exd5 Qxd5 5. d4 Bg7 6. Na3 cxd4 7. Nb5 Na6 8.
Nbxd4 Nf6 9. Bb5+ Bd7 10. Bxd7+ Nxd7 11. O-O O-O 12. Qe2 e5 13. Nb5 e4 14. Ng5
Ndc5 15. Rd1 Qe5 16. Nd6 h6 17. Ngxf7 Rxf7 18. Nxf7 Kxf7 19. Be3 Qe6 20. Qb5 b6
21. Bf4 Rc8 22. Rd6 Nc7 23. Qe2 Qe8 24. Rad1 Nd3 25. Qg4 Ne6 26. Bg3 Nf8 27.
Qe2 Nd7 28. h4 Bf8 29. Rxd7+ Qxd7 30. Qxe4 Rd8 31. h5 Qf5 32. Qc4+ Kg7 33. hxg6
Rd7 34. b4 Kxg6 35. Qc6+ Kh7 36. a4 Bg7 37. Qc8 Nc5 38. Re1 Ne4 39. Bh4 Bxc3
40. Rf1 Bxb4 41. Qc2 Ng3 0-1

[Event "World Championship (rapid) 2015"]
[Site "Berlin GER"]
[Date "2015.10.12"]
[Round "15"]
[White "Bacrot, Etienne"]
[Black "Khairullin, Ildar"]
[Result "0-1"]
[WhiteElo "2697"]
[BlackElo "2652"]
[PlyCount "60"]
[EventDate "2015.10.10"]

1. d4 Nf6 2. c4 e6 3. Nf3 d5 4. Bg5 dxc4 5. Nc3 a6 6. a4 Nc6 7. e4 Na5 8. e5 h6
9. Bh4 g5 10. Nxg5 hxg5 11. Bxg5 Be7 12. exf6 Bxf6 13. Bxf6 Qxf6 14. Ne4 Qf5
15. Nd2 Bd7 16. Nxc4 Nxc4 17. Bxc4 Qe4+ 18. Be2 Qxg2 19. Bf3 Qg5 20. Qb3 Bc6
21. Bxc6+ bxc6 22. Qb7 Kd7 23. Qb3 Rab8 24. Qc3 Rh4 25. b4 Re4+ 26. Kf1 Rg8 27.
Qg3 Rg4 28. Qc3 Qd5 29. Ke2 Re4+ 30. Kd3 Rf4 0-1

[Event "World Championship (rapid) 2015"]
[Site "Berlin GER"]
[Date "2015.10.12"]
[Round "15"]
[White "Matlakov, Maxim"]
[Black "Onischuk, Alexander"]
[Result "1-0"]
[WhiteElo "2689"]
[BlackElo "2662"]
[PlyCount "73"]
[EventDate "2015.10.10"]

1. c4 e6 2. g3 d5 3. Bg2 Nf6 4. Nf3 Be7 5. O-O O-O 6. d4 dxc4 7. Qc2 a6 8. a4
Bd7 9. Qxc4 Bc6 10. Bf4 Bd6 11. Qc1 Bxf4 12. Qxf4 Bxf3 13. Bxf3 c6 14. Nc3 Nbd7
15. Rfd1 Qe7 16. e4 e5 17. Qe3 exd4 18. Rxd4 Ne5 19. Be2 Rfe8 20. Rad1 b5 21.
f4 Neg4 22. Bxg4 Nxg4 23. Qf3 b4 24. Qxg4 bxc3 25. bxc3 c5 26. Rc4 Rad8 27.
Rxd8 Rxd8 28. Kg2 Rd2+ 29. Kh3 g6 30. Qc8+ Kg7 31. Qxc5 Qe6+ 32. f5 gxf5 33.
exf5 Rxh2+ 34. Kxh2 Qe2+ 35. Kh3 Qf1+ 36. Kg4 h5+ 37. Kxh5 1-0

[Event "World Championship (rapid) 2015"]
[Site "Berlin GER"]
[Date "2015.10.12"]
[Round "15"]
[White "Socko, Bartosz"]
[Black "Leko, Peter"]
[Result "1/2-1/2"]
[WhiteElo "2599"]
[BlackElo "2707"]
[PlyCount "63"]
[EventDate "2015.10.10"]

1. e4 e5 2. Nf3 Nc6 3. Bb5 Nf6 4. O-O Nxe4 5. d4 Nd6 6. Bxc6 dxc6 7. dxe5 Nf5
8. Qxd8+ Kxd8 9. Nc3 h6 10. b3 Be6 11. Bb2 c5 12. Rad1+ Kc8 13. Nd5 g5 14. c4
b6 15. Nd2 Kb7 16. Ne4 a5 17. a4 Rd8 18. h3 Nd4 19. Bxd4 cxd4 20. f4 Bxd5 21.
cxd5 Rxd5 22. fxg5 Rxe5 23. Rxd4 hxg5 24. Rxf7 Bc5 25. Nxc5+ Rxc5 26. Kf2 Re8
27. Rd3 Re4 28. Rg7 Rf4+ 29. Kg3 Rb4 30. Kf3 Rf4+ 31. Kg3 Rb4 32. Kf3 1/2-1/2

[Event "World Championship (rapid) 2015"]
[Site "Berlin GER"]
[Date "2015.10.12"]
[Round "15"]
[White "Bindrich, Falko"]
[Black "Nguyen, Ngoc Truong Son"]
[Result "1/2-1/2"]
[WhiteElo "2594"]
[BlackElo "2634"]
[PlyCount "116"]
[EventDate "2015.10.10"]

1. d4 Nf6 2. c4 g6 3. g3 c6 4. Bg2 d5 5. cxd5 cxd5 6. Nf3 Bg7 7. Ne5 O-O 8. Nc3
Bf5 9. O-O Ne4 10. Qb3 Nc6 11. Rd1 Nxd4 12. Rxd4 Nxc3 13. bxc3 Bxe5 14. Rxd5
Qc7 15. Bh6 Be6 16. Bxf8 Rxf8 17. Rc1 b6 18. c4 Bxd5 19. Bxd5 e6 20. Bf3 Rc8
21. a4 Qc5 22. Kg2 Kg7 23. Qb5 h6 24. Qxc5 Rxc5 25. e3 Kf6 26. Kf1 Ke7 27. Bd1
Kd6 28. Ke2 Rc7 29. Kd3 Kc5 30. Rb1 a6 31. Be2 f5 32. Kc2 g5 33. Kb3 g4 34. Rd1
h5 35. f3 Rh7 36. Rd8 Rc7 37. Re8 Rc6 38. Rd8 Bf6 39. Rd7 Rc8 40. Rf7 Be5 41.
Re7 Rc6 42. Rh7 Rd6 43. Rc7+ Rc6 44. Rh7 a5 45. Re7 Bf6 46. Re8 Bg5 47. f4 Bf6
48. Bd3 h4 49. gxh4 Bxh4 50. Bc2 Bf2 51. e4 fxe4 52. Bxe4 Rd6 53. f5 exf5 54.
Bxf5 Rh6 55. Re5+ Kd6 56. Rd5+ Ke7 57. Bxg4 Rxh2 58. Rd2 Bg1 1/2-1/2

[Event "World Championship (rapid) 2015"]
[Site "Berlin GER"]
[Date "2015.10.12"]
[Round "15"]
[White "Andreikin, Dmitry"]
[Black "Bachmann, Axel"]
[Result "1-0"]
[WhiteElo "2720"]
[BlackElo "2593"]
[PlyCount "55"]
[EventDate "2015.10.10"]

1. Nc3 e5 2. Nf3 Nc6 3. d4 exd4 4. Nxd4 Bb4 5. Nxc6 bxc6 6. Qd4 Bxc3+ 7. Qxc3
Nf6 8. Qe5+ Kf8 9. g3 d6 10. Qc3 c5 11. Bg2 Rb8 12. b3 Bb7 13. Bxb7 Rxb7 14.
Bb2 Qe7 15. O-O-O h5 16. Rhe1 Qe4 17. a3 Qg2 18. e4 Rh6 19. Rd2 Ne8 20. f4 Qh3
21. e5 Qf5 22. Rd5 Re6 23. Red1 Qh3 24. f5 Re7 25. f6 gxf6 26. exf6 Re6 27. Qf3
Qg4 28. Rxh5 1-0

[Event "World Championship (rapid) 2015"]
[Site "Berlin GER"]
[Date "2015.10.12"]
[Round "15"]
[White "Eljanov, Pavel"]
[Black "Sasikiran, Krishnan"]
[Result "1/2-1/2"]
[WhiteElo "2717"]
[BlackElo "2639"]
[PlyCount "97"]
[EventDate "2015.10.10"]

1. d4 Nf6 2. c4 g6 3. Nc3 Bg7 4. e4 d6 5. Nf3 O-O 6. Be2 e5 7. Be3 exd4 8. Nxd4
Re8 9. f3 c6 10. Bf2 d5 11. exd5 cxd5 12. c5 Nc6 13. O-O Re5 14. Re1 Qf8 15.
Nxc6 bxc6 16. b4 Bd7 17. Bf1 Rxe1 18. Qxe1 Nh5 19. Qd2 Re8 20. Re1 Rxe1 21.
Qxe1 Nf4 22. Qd2 Qb8 23. b5 cxb5 24. Nxd5 Nxd5 25. Qxd5 Qc8 26. Bd3 Bc6 27. Qd6
Bf8 28. Qe5 Bg7 29. Qe7 Qd7 30. Qxd7 Bxd7 31. Be4 Bc8 32. c6 a6 33. Bd5 Kf8 34.
Bc5+ Ke8 35. Kf2 Be6 36. Bxe6 fxe6 37. Bd6 Kd8 38. Ke3 Kc8 39. Kd3 Bf6 40. g4
a5 41. h3 Bb2 42. Kc2 Bf6 43. Kb3 Bd8 44. a4 b4 45. Kc4 Bf6 46. f4 Bg7 47. Kb3
Bf6 48. Kc4 Bg7 49. Kb3 1/2-1/2

[Event "World Championship (rapid) 2015"]
[Site "Berlin GER"]
[Date "2015.10.12"]
[Round "15"]
[White "Perunovic, Milos"]
[Black "Iturrizaga Bonelli, Eduardo"]
[Result "1-0"]
[WhiteElo "2622"]
[BlackElo "2641"]
[PlyCount "163"]
[EventDate "2015.10.10"]

1. e4 c5 2. Nf3 g6 3. d4 cxd4 4. Nxd4 Nc6 5. c4 Bg7 6. Nc2 Nf6 7. Nc3 O-O 8.
Be2 d6 9. O-O Nd7 10. Bd2 a5 11. Qc1 Nc5 12. Bh6 Bxh6 13. Qxh6 f5 14. exf5 Bxf5
15. Ne3 Nd4 16. Nxf5 Rxf5 17. Bg4 Rf7 18. Rad1 e5 19. Ne2 Nxe2+ 20. Bxe2 Qb6
21. Qe3 Rf6 22. Rd2 Raf8 23. Rfd1 Qc7 24. Bf3 Kg7 25. Bd5 Nd7 26. b3 Nc5 27. g3
Qb6 28. Bg2 Re8 29. h4 h6 30. f4 Ree6 31. fxe5 Rxe5 32. Qd4 Qc7 33. Rf2 Ne6 34.
Qa7 Nc5 35. Rxf6 Kxf6 36. Qa8 Kg7 37. Rf1 Qe7 38. Bd5 Rf5 39. Qg8+ Kf6 40. Qh8+
Qg7 41. Qd8+ Qe7 42. Rxf5+ gxf5 43. Qxa5 Qe3+ 44. Kh2 Ke5 45. Qd8 Ne4 46. Qh8+
Nf6 47. Qg7 Qe2+ 48. Bg2 Ke6 49. Qxh6 Qxa2 50. Kh3 Qb2 51. Bd5+ Ke7 52. Qg7+
Kd8 53. h5 f4 54. h6 fxg3 55. Qxg3 Qe2 56. Qxd6+ Nd7 57. Qf4 Kc8 58. Bf3 Qf1+
59. Kh4 Qe1+ 60. Kh5 Qe8+ 61. Kg4 Qe6+ 62. Kg3 Qe1+ 63. Kg2 Qb1 64. Bg4 Qxb3
65. Qd4 Qa2+ 66. Kf3 Qa3+ 67. Ke4 Qe7+ 68. Kf4 Qf8+ 69. Kg3 Qa3+ 70. Kf2 Qa2+
71. Ke1 Qa5+ 72. Qd2 Qe5+ 73. Kf1 Qf6+ 74. Kg2 Qc6+ 75. Kh2 Kb8 76. Bxd7 Qxc4
77. Qd6+ Ka7 78. Kg3 b5 79. Bf5 Qc3+ 80. Kg4 b4 81. h7 b3 82. Qd7+ 1-0

[Event "World Championship (rapid) 2015"]
[Site "Berlin GER"]
[Date "2015.10.12"]
[Round "15"]
[White "Naumann, Alexander"]
[Black "Ponomariov, Ruslan"]
[Result "0-1"]
[WhiteElo "2545"]
[BlackElo "2710"]
[PlyCount "144"]
[EventDate "2015.10.10"]

1. d4 Nf6 2. c4 e6 3. g3 Bb4+ 4. Bd2 a5 5. Bg2 O-O 6. e4 d6 7. Ne2 e5 8. O-O
exd4 9. Nxd4 Re8 10. Qc2 c6 11. Nc3 Nbd7 12. Rad1 Ne5 13. b3 Bc5 14. Nf5 Bxf5
15. exf5 h6 16. h3 Qc7 17. Bc1 Rad8 18. Ne4 Nxe4 19. Qxe4 a4 20. Qc2 axb3 21.
axb3 f6 22. Kh2 Re7 23. f4 Nf7 24. Rfe1 Rde8 25. Rxe7 Rxe7 26. Bf3 Qb6 27. Kg2
Kf8 28. Bh5 Bb4 29. Qd3 Qa5 30. Qc2 Ke8 31. Rf1 Kd7 32. Rf2 Nd8 33. Re2 d5 34.
Rxe7+ Bxe7 35. Qd3 Kc7 36. Bd2 Qa2 37. Qe2 Bd6 38. cxd5 Qxb3 39. dxc6 Nxc6 40.
Be3 Ne7 41. Bf3 Nxf5 42. Bf2 Ne7 43. Qe4 f5 44. Qd4 g6 45. h4 h5 46. Qf6 Qb4
47. Qe6 Qb2 48. Qc4+ Kd7 49. Kg1 b5 50. Qd3 Qc1+ 51. Kg2 b4 52. Qb5+ Ke6 53.
Qd3 Qc3 54. Qe2+ Kf7 55. Be1 Qc1 56. Qa2+ Kf8 57. Bd2 Qc5 58. Qa8+ Kg7 59. Qa1+
Kf7 60. Qa2+ Ke8 61. Qa8+ Kd7 62. Qb7+ Ke6 63. Be1 Qc2+ 64. Kh3 b3 65. Qa6 b2
66. Bb4 Nc8 67. Qa2+ Ke7 68. Bxd6+ Nxd6 69. Qa7+ Kf8 70. Qb8+ Nc8 71. Qb4+ Ne7
72. Qb8+ Kf7 0-1

[Event "World Championship (rapid) 2015"]
[Site "Berlin GER"]
[Date "2015.10.12"]
[Round "15"]
[White "Morozevich, Alexander"]
[Black "Hjartarson, Johann"]
[Result "0-1"]
[WhiteElo "2711"]
[BlackElo "2529"]
[PlyCount "56"]
[EventDate "2015.10.10"]

1. e4 e5 2. Nf3 Nc6 3. d4 exd4 4. Nxd4 Nf6 5. Nxc6 bxc6 6. e5 Nd5 7. Bd3 d6 8.
Qe2 Be7 9. O-O O-O 10. Rd1 Qe8 11. Re1 dxe5 12. Qxe5 Be6 13. Qe4 Nf6 14. Qh4
Qd8 15. Bg5 h6 16. Bxh6 gxh6 17. Qxh6 Qd4 18. Re3 Rfd8 19. Nc3 Ng4 20. Rg3
Qxf2+ 21. Kh1 Rxd3 22. Rxg4+ Bxg4 23. cxd3 Qxb2 24. Rc1 Rd8 25. h3 Rxd3 26. Ne4
Rxh3+ 27. gxh3 Bf3+ 28. Kg1 Qg2# 0-1

[Event "Spice Cup Open 2015"]
[Site "Saint Louis USA"]
[Date "2015.10.17"]
[Round "1"]
[White "Kavutskiy, Konstantin"]
[Black "Le, Quang Liem"]
[Result "1/2-1/2"]
[WhiteElo "2349"]
[BlackElo "2697"]
[PlyCount "121"]
[EventDate "2015.10.17"]

1. d4 Nf6 2. c4 e6 3. Nc3 Bb4 4. Qc2 d5 5. cxd5 exd5 6. Bg5 h6 7. Bh4 c5 8.
dxc5 O-O 9. e3 Be6 10. a3 Bxc5 11. Nf3 Nc6 12. Bd3 Rc8 13. O-O Qe7 14. Rfd1
Rfd8 15. Qe2 a6 16. Rac1 Ba7 17. Bb1 d4 18. exd4 Nxd4 19. Nxd4 Rxd4 20. Bg3 Re8
21. h3 Bb3 22. Qxe7 Rxe7 23. Re1 Rxe1+ 24. Rxe1 Kf8 25. Ne4 Nxe4 26. Bxe4 b5
27. Bb7 f5 28. Be5 Rd2 29. Rc1 Bxf2+ 30. Kh2 g5 31. Bc3 Re2 32. Bf3 Be3 33.
Bg7+ Kxg7 34. Rc7+ Bf7 35. Rxf7+ Kxf7 36. Bxe2 Bc1 37. b3 Bxa3 38. Bf3 Ke6 39.
Bb7 a5 40. Bc6 a4 41. bxa4 Bd6+ 42. g3 b4 43. a5 b3 44. Ba4 b2 45. Bc2 g4 46.
Kg2 Ke5 47. a6 Bc5 48. Bb1 h5 49. Bc2 Kf6 50. Bb1 Kg5 51. Bc2 Be3 52. Bb1 h4
53. gxh4+ Kxh4 54. Bxf5 gxh3+ 55. Kh1 Kg3 56. Bh7 Ba7 57. Bg6 Bb8 58. Bh7 Kf3
59. Bg6 Ke3 60. a7 Bxa7 61. Kh2 1/2-1/2

[Event "Spice Cup Open 2015"]
[Site "Saint Louis USA"]
[Date "2015.10.18"]
[Round "2"]
[White "Le, Quang Liem"]
[Black "Adamson, Robby"]
[Result "1-0"]
[WhiteElo "2697"]
[BlackElo "2269"]
[PlyCount "95"]
[EventDate "2015.10.17"]

1. c4 Nf6 2. g3 e6 3. Bg2 d5 4. Nf3 Be7 5. b3 a5 6. Nc3 d4 7. Nb5 Nc6 8. e3 e5
9. O-O O-O 10. Re1 d3 11. Bb2 e4 12. Ng5 Bf5 13. Nc3 Nb4 14. Rf1 Bg4 15. f3
exf3 16. Bxf3 Qd7 17. Nb5 h6 18. Ne4 Nxe4 19. Bxg4 f5 20. Bh3 Nc2 21. Nd4 Nxd4
22. Bxd4 Bb4 23. Qh5 Ng5 24. Bg2 c6 25. a3 Be7 26. h4 Ne6 27. Be5 Nc5 28. Bh3
Qe8 29. Qxe8 Raxe8 30. Bxf5 Nxb3 31. Ra2 Bxh4 32. Bd6 Be7 33. Bxe7 Rxe7 34.
Bh7+ Kxh7 35. Rxf8 Re4 36. Rf4 Re5 37. Kf2 Rc5 38. a4 Rh5 39. Rb2 Nc5 40. e4
Rh2+ 41. Ke3 Re2+ 42. Kd4 Ne6+ 43. Kxd3 Nxf4+ 44. gxf4 Rh2 45. Rxb7 Rh3+ 46.
Kd4 Ra3 47. f5 Kg8 48. e5 1-0

[Event "Spice Cup Open 2015"]
[Site "Saint Louis USA"]
[Date "2015.10.18"]
[Round "3"]
[White "Le, Quang Liem"]
[Black "Banawa, Joel Cholo B"]
[Result "1-0"]
[WhiteElo "2697"]
[BlackElo "2359"]
[PlyCount "81"]
[EventDate "2015.10.17"]

1. e4 e5 2. Nf3 Nc6 3. d4 exd4 4. Nxd4 Nf6 5. Nxc6 bxc6 6. Qe2 d6 7. Nc3 Be7 8.
Be3 O-O 9. O-O-O Nd7 10. f4 a5 11. g4 Ba6 12. Qg2 Qc8 13. g5 Qb7 14. Kb1 Rfb8
15. Bc1 a4 16. h4 Nb6 17. g6 Bxf1 18. gxf7+ Kxf7 19. Rdxf1 Nc4 20. Rhg1 Bf8 21.
Nd1 c5 22. h5 h6 23. f5 Ke7 24. Qf3 Qb4 25. Ka1 Ne5 26. f6+ gxf6 27. Qxf6+ Kd7
28. Qf5+ Kc6 29. a3 Qd4 30. Nc3 Nc4 31. Qd5+ Qxd5 32. exd5+ Kb7 33. Rf4 Nb6 34.
Kb1 Re8 35. Rg8 Be7 36. Rxe8 Rxe8 37. Re4 Kc8 38. Bxh6 Rh8 39. Bg7 Rxh5 40.
Rxe7 Rh1+ 41. Ka2 1-0

[Event "European Club Cup 2015"]
[Site "Skopje MKD"]
[Date "2015.10.19"]
[Round "2"]
[White "Charmeteau, Sven"]
[Black "Radjabov, Teimour"]
[Result "0-1"]
[WhiteElo "2257"]
[BlackElo "2738"]
[PlyCount "56"]
[EventDate "2015.10.18"]
[WhiteTeam "SV WERDER BREMEN (GER)"]
[BlackTeam "SOCAR (AZE)"]

1. e4 c5 2. Nc3 Nc6 3. f4 e6 4. Nf3 d5 5. Bb5 Nge7 6. Qe2 d4 7. Nd1 a6 8. Bxc6+
Nxc6 9. Nf2 Be7 10. c3 b5 11. b3 O-O 12. O-O Bb7 13. Bb2 dxc3 14. dxc3 c4 15.
bxc4 bxc4 16. Qxc4 Na5 17. Qe2 Qc7 18. Ne5 f6 19. Ned3 Nc4 20. Rab1 a5 21. Bc1
Qc6 22. a4 Ba6 23. Qa2 Kh8 24. Re1 Rab8 25. Rxb8 Rxb8 26. Nb2 Nxb2 27. Bxb2 Bc4
28. Qb1 Qb6 0-1